Prog Rock Albums that went Number 1 - Statistics

General Stats
  • This quiz has been taken 22 times
  • The average score is 5 of 16
Answer Stats
Hint Answer % Correct
USA, 1973 The Dark Side Of The Moon
95%
UK, 1975 Wish You Were Here
73%
USA, 1979 The Wall
68%
UK, 1971 Tarkus
36%
USA, 1972 Thick As A Brick
32%
UK, 1970 Atom Heart Mother
27%
UK, 1980 Duke
27%
UK, 1973 Tales From Topographic Oceans
27%
USA, 1973 A Passion Play
23%
UK, 1977 Going For The One
23%
UK, 1973 Tubular Bells
23%
UK, 1985 Misplaced Childhood
14%
UK, 1974 Hergest Ridge
9%
USA, 1981 Paradise Theatre
9%
UK, 1980 Sky 2
9%
UK, 1974 Journey At The Center Of The Earth
5%
No matching quizzes found
Score Distribution
Percent of People with Each Score
Percentile by Number Answered
Your Score History
You have not taken this quiz